banner-ar

العلاقات العربية - التركية : حوار مستقبلى : بحوث ومناقشات الندوة الفكرية التى نظمها مركز دراسات الوحدة العربية / (Record no. 49023)

MARC details
000 -الفاتح
حقل البيانات ثابتة الطول 00812nam a2200205Ia 4500
008 - عناصر البيانات ثابتة الطول - معلومات عامة
حقل البيانات ثابتة الطول 140319s9999 xx 000 0 ara d
040 ## - مصدر الفهرسة
وكالة الفهرسة الأصلية GCL /
وكالة النسخ GCL
082 04 - رقم تصنيف ديوى العشرى
رقم التصنيف 327.5610561
رقم المادة ك ع
100 1# - المدخل الرئيسى - إسم شخصى
الإسم الشخصى كولوغلو، اورهان
245 10 - بيان العنوان
العنوان العلاقات العربية - التركية : حوار مستقبلى : بحوث ومناقشات الندوة الفكرية التى نظمها مركز دراسات الوحدة العربية /
بيان المسئوليه,etc كولوغلو، اورهان
300 ## - الوصف المادى
التعداد 673 ص
490 ## - بيان السلسلة
عنوان السلسلة الهيئة العامة للاستعلامات
رقم المجلد/ التعيين التسلسلي 0
650 04 - المدخل الاضافى بالموضوع-مصطلح موضوعى
مصطلح موضوعي العلاقات الدولية
650 04 - المدخل الاضافى بالموضوع-مصطلح موضوعى
مصطلح موضوعي العرب
650 04 - المدخل الاضافى بالموضوع-مصطلح موضوعى
مصطلح موضوعي البلدان العربية
650 04 - المدخل الاضافى بالموضوع-مصطلح موضوعى
مصطلح موضوعي العلاقات الدولية - تركيا
650 04 - المدخل الاضافى بالموضوع-مصطلح موضوعى
مصطلح موضوعي الاتراك
942 ## - عناصر المدخل الإضافي( كوها)
مصدر التصنيف او مخطط الترفيف Dewey Decimal Classification
Koha [default] item type كتاب
Holdings
حالة التراجع حالة الفقد حالة تلف ليس للاعارة المكان المؤقت الموقع الحالى تاريخ الاكتساب اجمالي اﻻعارات رقم الطلب الباركود تاريخ اخر مشاهدة تاريخ تفعيل السعر نوع وعاء كوها
        مكتبة القاهرة الكبرى مكتبة القاهرة الكبرى 03/26/2014   327.5610561\ك ع 117919 03/26/2014 03/26/2014 كتاب

Powered By

EGPV